000 01107nam a22002417a 4500
999 _c1851
_d1851
003 AR-CdUCM
008 190228b ||||| |||| 00| 0 spa d
020 _a9786124121012
040 _aMUNICIPALIDAD PROVINCIAL DEL CUSCO
_cBIBLIOTECA MUNICIPAL DEL CUSCO
082 _a985.613 /
_bM93
100 _aMunicipalidad Distrital de Chinchaypujio
_96781
245 _aChinchaypucyo :
_btestimonios de su cultura /
260 _aCusco :
_bCentro Bartolome de las Casas,
_c2012.
300 _a150 páginas ;
_bImágenes, 01 desplegable sobre atractivos turísticos
_c24 cm.
505 _aProyecto de cultura de la municipalidad distrital de Chinchaypujio -- Chinchaypucyo distrito con diversidad cultural y natural -- Reseña histórica de Chinchaypucyo -- Apus de Chinchaypucyo -- Saberes y rituales agrícolas ...
650 _aCostumbres
_9230
650 _aAtractivos
_96782
650 _aHistoria
_9136
700 _aPalomino Valdivia, Patricia (Elaboración y redacción)
_96783
700 _aOjeda Escalante, Roberto (Elaboración y redacción)
_96784
942 _2ddc
_cLIBROS
945 _aafb
_d2019-02-28